000 00631 a2200169 4500
020 _a1584884231
020 _a9781584884231
082 0 4 _a515.3520285
090 _c263
_d263
100 1 _aLee, H.J.
245 1 0 _aOrdinary and partial differential equation routines in C, C++, fortran, java, maple, and matlab /
_cH.J. Lee, W.E. Schiesser.
260 _a[S.l.] :
_bChapman and Hall/CRC,
_c2003.
300 _a528 p. ;
_c24 cm.
700 1 _aSchiesser, W.E.
942 _aSNS
_cBK
_k515.3520285 LEE
999 _c28898
_d28898